Le langage des fleurs - 1 - - Statistiques

Statistiques générales
  • Ce quiz a été pris 90 fois
  • Le résultat moyen est 2 sur 15
Statistiques - réponses
Hint Réponse % Correct
Chardon Agressivité
45%
Chrysanthème Souvenir
30%
Camélia rouge Admiration
18%
Amaryllis Fierté
16%
Dahlia jaune Joie
14%
Dahlia blanc Tendresse
11%
Azalée Allégresse
9%
Bleuet Amour discret
9%
Arum Beauté divine
9%
Bégonia rouge Amitié forte
7%
Camélia blanc Amour parfait
7%
Dahlia rose Affection
5%
Camélia rose Amour éternel
5%
Dahlia rouge Bonheur
0%
Capucine Flamme d'amour
0%
Aucun quiz correspondant
Distribution des résultats
% des personnes avec chaque résultat
Percentile par nombre de réponses
Votre historique - résultats
Vous n’avez pas pris ce quiz